000 00432nam a22001577a 4500
005 20250904140157.0
008 250904b |||||||| |||| 00| 0 eng d
020 _a978-81-978497-5-6
041 _aeng
100 _aKUMAR,N
_95159
245 _aPRACTICAL BOOK OF HUMAN ANATOMY AND PHYSIOLOGY[1ST YEAR DIPLOMA IN PHARMACY]
260 _aDELHI
_bAITBS PUBLISHERS INDIA
_c2026
300 _a163;P
650 _aPHARMACY
942 _cBK
999 _c8786
_d8784